2023 Washington Nationals WAR Leaders - Statistics

General Stats
  • This quiz has been taken 9 times
  • The average score is 9 of 10
Answer Stats
Position WAR Player % Correct
SS 3.4 C.J. Abrams
100%
SP 3.1 Josiah Gray
100%
C 1.3 Keibert Ruiz
100%
SP 2.0 Mackenzie Gore
100%
C 1.0 Riley Adams
100%
OF 1.1 Alex Call
88%
OF 3.2 Lane Thomas
88%
RP 1.9 Hunter Harvey
75%
SP 1.1 Jake Irvin
75%
OF 1.9 Stone Garrett
50%
No matching quizzes found
Score Distribution
Percent of People with Each Score
Percentile by Number Answered
Your Score History
You have not taken this quiz